[Event "2. Bundesliga Mitte 2009/2010"]
[Site "St. Veit/Glan"]
[Date "2010.04.16"]
[Round "9"]
[Board "4"]
[White "Waldmann, Gerald"]
[Black "Schreiner, Peter"]
[Result "1-0"]
[WhiteElo "2173"]
[BlackElo "2254"]
[PlyCount "91"]
[EventDate "2009.10.10"]
[EventType "team"]
[EventRounds "11"]
[EventCountry "AUT"]
[WhiteTeam "ZH-Technologies Wolfsberg"]
[BlackTeam "Frauental"]

1.e4 c5 2.Nf3 Nc6 3.d4 cxd4 4.Nxd4 g6 5.Nc3 Bg7 6.Be3 Nf6 7.Bc4 O-O 8.Bb3 d6
9.f3 Bd7 10.Qd2 Rc8 11.O-O-O Nxd4 12.Bxd4 b5 13.h4 a5 14.h5 a4 15.Bd5 e5 16.Be3
b4 17.Nb1 Nxd5 18.Qxd5 Be6 19.Qxd6 Qa5 20.hxg6 hxg6 21.Rd2 b3 22.axb3 axb3 23.c3
Rfe8 24.Bg5 Qa7 25.Qd3 Ra8 26.Qe3 Qa6 27.Qf2 Bc4 28.Rhd1 Qc6 29.Rd6 Qb5 30.Na3
Rxa3 31.bxa3 Qa5 32.Kb2 Be6 33.Qb6 Qa4 34.Qb4 Qa7 35.Qb6 Qa4 36.Qb4 Qa7 37.Rd8
Rxd8 38.Rxd8+ Kh7 39.Rd2 f6 40.Bh4 Qe3 41.c4 Bf8 42.Qc3 Qc5 43.Qxb3 Bxc4 44.Bf2
Qc6 45.Rc2 Bxa3+ 46.Qxa3

[Event "2. Bundesliga Mitte 2009/2010"]
[Site "St. Veit/Glan"]
[Date "2010.04.16"]
[Round "9"]
[Board "5"]
[White "Raffalt, Manfred"]
[Black "Toefferl, Heimo"]
[Result "1/2-1/2"]
[WhiteElo "2136"]
[BlackElo "2142"]
[PlyCount "74"]
[EventDate "2009.10.10"]
[EventType "team"]
[EventRounds "11"]
[EventCountry "AUT"]
[WhiteTeam "Frauental"]
[BlackTeam "ZH-Technologies Wolfsberg"]

1.d4 e6 2.e4 d5 3.Nc3 Bb4 4.e5 c5 5.a3 Bxc3+ 6.bxc3 Ne7 7.Qg4 Qc7 8.Qxg7 Rg8
9.Qxh7 cxd4 10.Kd1 dxc3 11.Nf3 Nbc6 12.h4 Bd7 13.h5 O-O-O 14.h6 Nxe5 15.Bf4 N7c6
16.Nxe5 Nxe5 17.Rh5 f6 18.Qe7 Qb6 19.Qxf6 Qxf2 20.Rh1 Nc4 21.Qh4 Qd4+ 22.Kc1 Ne3
23.Bxe3 Qxe3+ 24.Kb1 e5 25.h7 Rh8 26.Ka2 Be6 27.Rb1 e4 28.Qf6 Rde8 29.Qg7 d4+
30.Ka1 Bd5 31.Ba6 bxa6 32.Qxa7 Qf4 33.Qc5+ Qc7 34.Qxd5 d3 35.Qa8+ Kd7 36.Qd5+
Kc8 37.Qa8+ Kd7

[Event "2. Bundesliga Mitte 2009/2010"]
[Site "St. Veit/Glan"]
[Date "2010.04.16"]
[Round "9"]
[Board "6"]
[White "Sternat, Roland"]
[Black "Schnabel, Josef"]
[Result "0-1"]
[WhiteElo "2100"]
[BlackElo "2010"]
[PlyCount "76"]
[EventDate "2009.10.10"]
[EventType "team"]
[EventRounds "11"]
[EventCountry "AUT"]
[WhiteTeam "ZH-Technologies Wolfsberg"]
[BlackTeam "Frauental"]

1.d4 d5 2.c4 e6 3.Nc3 Nf6 4.Nf3 Be7 5.Bf4 O-O 6.e3 a6 7.Rc1 Nbd7 8.cxd5 exd5
9.Bd3 c6 10.Qc2 Re8 11.h3 Nf8 12.Ne5 Bd6 13.O-O Ng6 14.Nxg6 hxg6 15.Bxd6 Qxd6
16.Na4 Be6 17.Nc5 Re7 18.Qb3 Qc7 19.Rc2 Rae8 20.Rfc1 Qb8 21.Qb4 Qc7 22.a4 Bc8
23.a5 g5 24.Be2 g4 25.hxg4 Bxg4 26.Bd3 Bc8 27.Qd2 Ng4 28.g3 Nxe3 29.fxe3 Rxe3
30.Qh2 Rxg3+ 31.Rg2 Ree3 32.Qh7+ Kf8 33.Qh8+ Ke7 34.Qh2 Qf4 35.Bf1 Bh3 36.Rcc2
Ref3 37.Bd3 Bxg2 38.Rxg2 Re3

[Event "2. Bundesliga Mitte 2009/2010"]
[Site "St. Veit/Glan"]
[Date "2010.04.16"]
[Round "9"]
[Board "1"]
[White "Fogarasi, Tibor"]
[Black "Lenic, Luka"]
[Result "1/2-1/2"]
[WhiteElo "2421"]
[BlackElo "2603"]
[PlyCount "61"]
[EventDate "2009.10.10"]
[EventType "team"]
[EventRounds "11"]
[EventCountry "AUT"]
[WhiteTeam "ASK St. Valentin"]
[BlackTeam "SV Raika Rapid Feffernitz"]

1.e4 e5 2.Nf3 Nc6 3.Bb5 a6 4.Ba4 Nf6 5.d3 d6 6.c4 g6 7.Nc3 Bg7 8.d4 Bd7 9.d5 Ne7
10.Bxd7+ Nxd7 11.Be3 h6 12.g4 Nf6 13.h3 c6 14.a4 O-O 15.a5 Rc8 16.Nd2 Nd7 17.h4
f5 18.f3 cxd5 19.cxd5 Nc5 20.Qe2 fxe4 21.fxe4 Kh7 22.h5 g5 23.Ra3 b5 24.axb6
Qxb6 25.Nb3 Ra8 26.Nxc5 dxc5 27.Na4 Qb4+ 28.Bd2 Qb7 29.Be3 Qb4+ 30.Bd2 Qb7
31.Be3

[Event "2. Bundesliga Mitte 2009/2010"]
[Site "St. Veit/Glan"]
[Date "2010.04.16"]
[Round "9"]
[Board "2"]
[White "Sebenik, Matej"]
[Black "Sandhoefner, Florian"]
[Result "1/2-1/2"]
[WhiteElo "2504"]
[BlackElo "2160"]
[PlyCount "98"]
[EventDate "2009.10.10"]
[EventType "team"]
[EventRounds "11"]
[EventCountry "AUT"]
[WhiteTeam "SV Raika Rapid Feffernitz"]
[BlackTeam "ASK St. Valentin"]

1.d4 d5 2.c4 c6 3.Nf3 Nf6 4.e3 e6 5.b3 Bb4+ 6.Nfd2 O-O 7.Bb2 Nbd7 8.Bd3 dxc4
9.bxc4 c5 10.a3 Ba5 11.O-O Bc7 12.Nc3 cxd4 13.exd4 Nc5 14.Bxh7+ Nxh7 15.dxc5 Qe7
16.Nde4 Rd8 17.Qe2 f5 18.Nd6 Bxd6 19.cxd6 Rxd6 20.Rad1 Rxd1 21.Rxd1 Bd7 22.Nd5
Qf7 23.Nf4 Nf8 24.Nh5 Ba4 25.Rd6 e5 26.Qxe5 Re8 27.Qc3 Qe7 28.h4 Qe1+ 29.Kh2
Qxc3 30.Bxc3 Ne6 31.Bxg7 Nxg7 32.Nf6+ Kf7 33.Nxe8 Bxe8 34.f3 f4 35.Rd5 Kf6 36.g3
Bc6 37.Rd6+ Ke5 38.Rg6 fxg3+ 39.Kxg3 Nf5+ 40.Kg4 Bxf3+ 41.Kg5 Ng3 42.Rg7 Ne4+
43.Kg6 Nd6 44.c5 Nf5 45.Rf7 Nxh4+ 46.Kg5 Bd5 47.Re7+ Kd4 48.Kxh4 Kxc5 49.Kg3 a6

[Event "2. Bundesliga Mitte 2009/2010"]
[Site "St. Veit/Glan"]
[Date "2010.04.16"]
[Round "9"]
[Board "3"]
[White "Kranzl, Peter"]
[Black "Novak, Pavel"]
[Result "1/2-1/2"]
[WhiteElo "2285"]
[BlackElo "2372"]
[PlyCount "109"]
[EventDate "2009.10.10"]
[EventType "team"]
[EventRounds "11"]
[EventCountry "AUT"]
[WhiteTeam "ASK St. Valentin"]
[BlackTeam "SV Raika Rapid Feffernitz"]

1.e4 c5 2.c3 g6 3.d4 cxd4 4.cxd4 d5 5.e5 Nc6 6.Nc3 Nh6 7.h3 Nf5 8.Nf3 h5 9.Bb5
Bg7 10.O-O O-O 11.Ba4 Na5 12.Re1 a6 13.Bc2 b5 14.Ne2 Qb6 15.Bf4 Bd7 16.Nc3 Be6
17.Bxf5 Bxf5 18.Nxd5 Qb7 19.Ne3 Be4 20.Ng5 Bd5 21.b3 Rad8 22.Rc1 Nc6 23.Rc5 Be6
24.Qf3 Bd7 25.Rec1 Rc8 26.Qe4 Na5 27.Qxb7 Nxb7 28.Rxc8 Rxc8 29.Rxc8+ Bxc8 30.Ne4
e6 31.Bg5 Na5 32.Be7 Nc6 33.Bc5 Bf8 34.Nf6+ Kg7 35.Bxf8+ Kxf8 36.Nc2 a5 37.a3 b4
38.axb4 axb4 39.f4 Na5 40.Nxb4 Nxb3 41.d5 exd5 42.Nbxd5 Nc5 43.Kf2 Bb7 44.Ke3
Bc6 45.g3 Bb7 46.f5 Bc8 47.fxg6 fxg6 48.Nf4 Kf7 49.Nh7 Bf5 50.Ng5+ Kg7 51.Kd4
Nb3+ 52.Kc3 Nc5 53.Kd4 Nb3+ 54.Kd5 Nd2 55.g4

[Event "2. Bundesliga Mitte 2009/2010"]
[Site "St. Veit/Glan"]
[Date "2010.04.16"]
[Round "9"]
[Board "4"]
[White "Reiss, Georg"]
[Black "Tober, Gerhard"]
[Result "1/2-1/2"]
[WhiteElo "2153"]
[BlackElo "2296"]
[PlyCount "99"]
[EventDate "2009.10.10"]
[EventType "team"]
[EventRounds "11"]
[EventCountry "AUT"]
[WhiteTeam "SV Raika Rapid Feffernitz"]
[BlackTeam "ASK St. Valentin"]

1.d4 d5 2.Nf3 Nf6 3.c4 e6 4.Nc3 c6 5.Bg5 Nbd7 6.e3 Qa5 7.Nd2 Bb4 8.Qc2 dxc4
9.Bxf6 Nxf6 10.Bxc4 O-O 11.O-O e5 12.a3 Be7 13.b4 Qc7 14.Nf3 exd4 15.Nxd4 Qe5
16.Nf3 Qh5 17.Ne2 Bf5 18.Bd3 Bxd3 19.Qxd3 Rfd8 20.Qc4 Bd6 21.Rfd1 Bc7 22.Ng3
Bxg3 23.hxg3 a5 24.Qc5 Qxc5 25.bxc5 Ne4 26.Rdc1 Rd5 27.Rc4 f5 28.Rac1 a4 29.Nd4
g6 30.f3 Nxg3 31.Kf2 Nh5 32.Rb4 Ra7 33.Rcc4 Nf6 34.Rxa4 Rxa4 35.Rxa4 Rxc5
36.Ra8+ Kf7 37.Ra7 Nd5 38.Rxb7+ Kf6 39.Rxh7 Rc4 40.Rd7 f4 41.e4 Rxd4 42.exd5
cxd5 43.Ke2 Kg5 44.Rd6 Kh5 45.a4 Rxa4 46.Rxd5+ Kh4 47.Kf2 Ra2+ 48.Kf1 g5 49.Rb5
g4 50.fxg4

[Event "2. Bundesliga Mitte 2009/2010"]
[Site "St. Veit/Glan"]
[Date "2010.04.16"]
[Round "9"]
[Board "5"]
[White "Trauner, Rudolf"]
[Black "Tschohl, Christof"]
[Result "1-0"]
[WhiteElo "2213"]
[BlackElo "2160"]
[PlyCount "73"]
[EventDate "2009.10.10"]
[EventType "team"]
[EventRounds "11"]
[EventCountry "AUT"]
[WhiteTeam "ASK St. Valentin"]
[BlackTeam "SV Raika Rapid Feffernitz"]

1.d4 d5 2.Nf3 Nf6 3.c4 e6 4.Nc3 Be7 5.Bg5 h6 6.Bxf6 Bxf6 7.e3 O-O 8.Be2 b6 9.O-O
Bb7 10.cxd5 exd5 11.b4 Qe7 12.Qb3 Rd8 13.Rab1 c6 14.Rfd1 Qe6 15.Ne1 Rd6 16.Bf3
Nd7 17.Nd3 g5 18.h3 Bg7 19.Ne2 f5 20.Ng3 Ba6 21.Qc2 Rf8 22.a4 Bb7 23.b5 f4
24.exf4 Bxd4 25.f5 Qf6 26.bxc6 Bxc6 27.Nb4 Ne5 28.Rxd4 Nxf3+ 29.gxf3 Qxd4
30.Nxc6 Qg7 31.Rc1 Rf7 32.Nh5 Qf8 33.f6 Kh8 34.Ne5 Rfxf6 35.Nxf6 Qxf6 36.Qc8+
Rd8 37.Qxd8+

[Event "2. Bundesliga Mitte 2009/2010"]
[Site "St. Veit/Glan"]
[Date "2010.04.16"]
[Round "9"]
[Board "6"]
[White "Arztmann, Wolfgang"]
[Black "Heimberger, Reinhard"]
[Result "1/2-1/2"]
[WhiteElo "2102"]
[BlackElo "2257"]
[PlyCount "59"]
[EventDate "2009.10.10"]
[EventType "team"]
[EventRounds "11"]
[EventCountry "AUT"]
[WhiteTeam "SV Raika Rapid Feffernitz"]
[BlackTeam "ASK St. Valentin"]

1.e4 e6 2.d4 c5 3.c3 Nf6 4.e5 Nd5 5.Nf3 cxd4 6.cxd4 d6 7.Bc4 Nc6 8.O-O Be7
9.exd6 Qxd6 10.Nc3 Nxc3 11.bxc3 O-O 12.Re1 b6 13.Ng5 Bxg5 14.Bxg5 Bb7 15.Qg4 Ne7
16.Bxe6 fxe6 17.Rxe6 Qd7 18.Bxe7 Rf7 19.Qe2 Ba6 20.Qe3 Re8 21.Re1 Bc4 22.Re5
Bxa2 23.Ba3 Rxe5 24.Qxe5 h6 25.Qe8+ Kh7 26.Qxd7 Rxd7 27.Re7 Rxe7 28.Bxe7 Kg6
29.f3 Kf7 30.Ba3

[Event "2. Bundesliga Mitte 2009/2010"]
[Site "St. Veit/Glan"]
[Date "2010.04.16"]
[Round "9"]
[Board "1"]
[White "Reichmann, Egon"]
[Black "Horvath, Jozsef"]
[Result "1-0"]
[WhiteElo "2331"]
[BlackElo "2547"]
[PlyCount "76"]
[EventDate "2009.10.10"]
[EventType "team"]
[EventRounds "11"]
[EventCountry "AUT"]
[WhiteTeam "Admira Villach"]
[BlackTeam "SC Die Klagenfurter"]

1.d4 Nf6 2.Nf3 e6 3.c4 Bb4+ 4.Nbd2 b6 5.g3 Bb7 6.Bg2 O-O 7.O-O d5 8.cxd5 exd5
9.Nb3 Nbd7 10.Bf4 Re8 11.Rc1 c6 12.Ne5 Nxe5 13.Bxe5 Ne4 14.Qc2 Qd7 15.a3 Bf8
16.Nd2 Ng5 17.Nf3 Nh3+ 18.Kh1 f6 19.Bf4 Nxf4 20.gxf4 c5 21.dxc5 bxc5 22.e3 Rad8
23.Rfd1 Kh8 24.Nd2 d4 25.Nc4 Bxg2+ 26.Kxg2 Qg4+ 27.Kf1 Qh3+ 28.Kg1 Qg4+ 29.Kf1
Qf3 30.Kg1 Rd5 31.Rd3 Qg4+ 32.Kh1 Qf3+ 33.Kg1 Rh5 34.Qd1 Qh3 35.Rc2 Qxh2+ 36.Kf1
Rh3 37.Rcd2 Qh1+ 38.Ke2 Qf3+

[Event "2. Bundesliga Mitte 2009/2010"]
[Site "St. Veit/Glan"]
[Date "2010.04.16"]
[Round "9"]
[Board "2"]
[White "Pilaj, Herwig"]
[Black "Leitner, Gerald"]
[Result "0-1"]
[WhiteElo "2363"]
[BlackElo "2186"]
[PlyCount "148"]
[EventDate "2009.10.10"]
[EventType "team"]
[EventRounds "11"]
[EventCountry "AUT"]
[WhiteTeam "SC Die Klagenfurter"]
[BlackTeam "Admira Villach"]

1.c4 Nf6 2.g3 c6 3.Nf3 d5 4.Bg2 Bg4 5.O-O e6 6.cxd5 exd5 7.d3 Be7 8.h3 Bh5 9.Nc3
d4 10.Ne4 Na6 11.Qa4 Nxe4 12.dxe4 Bxf3 13.Bxf3 Nc5 14.Qc4 b5 15.Qc2 Qb6 16.Rd1
O-O 17.Kg2 Rfd8 18.e5 a5 19.Bd2 Rac8 20.Rac1 Ne6 21.Be4 g6 22.h4 c5 23.h5 Nf8
24.e3 dxe3 25.Bxe3 Qe6 26.a4 bxa4 27.f4 Qb3 28.Bd2 Rb8 29.Bc3 c4 30.hxg6 hxg6
31.Rh1 Qxc2+ 32.Rxc2 Bb4 33.e6 Bxc3 34.e7 Re8 35.exf8=Q+ Kxf8 36.Bc6 Rxb2
37.Rxb2 Bxb2 38.Bxa4 Re3 39.Kf2 Ra3 40.Bc2 Bd4+ 41.Ke2 Rxg3 42.f5 gxf5 43.Bxf5
a4 44.Rh4 Re3+ 45.Kd1 Re5 46.Bb1 Rd5 47.Kc2 Rd6 48.Ba2 c3 49.Rf4 f6 50.Rg4 Rd8
51.Rh4 Kg7 52.Rg4+ Kh6 53.Bf7 a3 54.Rg6+ Kh7 55.Rg4 Rd7 56.Be6 Rd6 57.Bf5+ Kh6
58.Kb3 Ra6 59.Ka2 Be5 60.Bc2 Ra5 61.Rg8 Kh5 62.Bd1+ Kh4 63.Bc2 Bd6 64.Rc8 Rc5
65.Rd8 Rc6 66.Rg8 f5 67.Rg2 f4 68.Be4 Rb6 69.Rg6 Rb2+ 70.Ka1 Be5 71.Re6 Bd4
72.Rd6 Rd2 73.Bc2 f3 74.Kb1 f2

[Event "2. Bundesliga Mitte 2009/2010"]
[Site "St. Veit/Glan"]
[Date "2010.04.16"]
[Round "9"]
[Board "3"]
[White "Perhinig, Robert"]
[Black "Genser, Harald"]
[Result "1/2-1/2"]
[WhiteElo "2287"]
[BlackElo "2272"]
[PlyCount "88"]
[EventDate "2009.10.10"]
[EventType "team"]
[EventRounds "11"]
[EventCountry "AUT"]
[WhiteTeam "Admira Villach"]
[BlackTeam "SC Die Klagenfurter"]

1.d4 Nf6 2.Bg5 e6 3.e4 c5 4.d5 Qb6 5.Nc3 Qxb2 6.Bd2 Qb6 7.f4 exd5 8.e5 d4 9.exf6
dxc3 10.Qe2+ Qe6 11.Bxc3 gxf6 12.Bxf6 Rg8 13.O-O-O Qxe2 14.Bxe2 Rg6 15.Bh4 Be7
16.Bxe7 Kxe7 17.Bd3 Rxg2 18.Bxh7 d6 19.Be4 Rg8 20.Ne2 Nc6 21.Nc3 f5 22.Nd5+ Kd8
23.Nf6 Rg6 24.Bxc6 bxc6 25.Nh7 Kc7 26.Rhg1 Rxg1 27.Rxg1 Be6 28.Rg7+ Kb6 29.a3
Rh8 30.h4 Bg8 31.Nf6 Bd5 32.Rh7 Rxh7 33.Nxh7 Kc7 34.h5 Kd7 35.h6 Ke7 36.Ng5 Kf6
37.Kd2 c4 38.Ke3 c5 39.c3 Kg6 40.h7 Kg7 41.Kd2 Kh8 42.Ke3 Kg7 43.Kd2 Kh8 44.Ke3
Kg7

[Event "2. Bundesliga Mitte 2009/2010"]
[Site "St. Veit/Glan"]
[Date "2010.04.16"]
[Round "9"]
[Board "4"]
[White "Titz, Heimo"]
[Black "Neff, Gregor"]
[Result "1-0"]
[WhiteElo "2242"]
[BlackElo "2157"]
[PlyCount "79"]
[EventDate "2009.10.10"]
[EventType "team"]
[EventRounds "11"]
[EventCountry "AUT"]
[WhiteTeam "SC Die Klagenfurter"]
[BlackTeam "Admira Villach"]

1.c4 Nf6 2.Nc3 c5 3.g3 g6 4.Bg2 Bg7 5.Nf3 O-O 6.O-O Nc6 7.d4 cxd4 8.Nxd4 Nxd4
9.Qxd4 d6 10.Qd3 a6 11.Bd2 Rb8 12.Rac1 Bf5 13.e4 Be6 14.b3 Ng4 15.h3 Ne5 16.Qe2
Nc6 17.Be3 Qa5 18.Nd5 Bxd5 19.cxd5 Ne5 20.Rc2 Rfc8 21.Rfc1 Qd8 22.f4 Nd7 23.Qf2
Bf6 24.h4 h5 25.Bh3 Bg7 26.Qg2 Rxc2 27.Qxc2 Kf8 28.Kf2 Nf6 29.Kf3 Ne8 30.Qd2 a5
31.Qf2 b6 32.Rc6 Nf6 33.Bxb6 Qe8 34.Qc2 Kg8 35.Bxa5 e6 36.dxe6 fxe6 37.Rxd6 Rc8
38.Qxc8 Qxc8 39.Rd8+ Qxd8 40.Bxd8

[Event "2. Bundesliga Mitte 2009/2010"]
[Site "St. Veit/Glan"]
[Date "2010.04.16"]
[Round "9"]
[Board "5"]
[White "Frank, Dieter"]
[Black "Wertjanz, David"]
[Result "1/2-1/2"]
[WhiteElo "2144"]
[BlackElo "2126"]
[PlyCount "67"]
[EventDate "2009.10.10"]
[EventType "team"]
[EventRounds "11"]
[EventCountry "AUT"]
[WhiteTeam "Admira Villach"]
[BlackTeam "SC Die Klagenfurter"]

1.e4 c5 2.c3 d5 3.exd5 Qxd5 4.d4 Nc6 5.Nf3 Bg4 6.Be2 O-O-O 7.O-O Nf6 8.Be3 e5
9.c4 Qd7 10.dxe5 Qxd1 11.Rxd1 Rxd1+ 12.Bxd1 Bxf3 13.Bxf3 Nxe5 14.Be2 Bd6 15.h3
Ne4 16.Nd2 Nxd2 17.Bxd2 Nc6 18.Bf3 Nd4 19.Bd5 f6 20.Re1 b6 21.Bc3 Kd8 22.Kf1 Re8
23.Rd1 Be5 24.b4 Kc7 25.bxc5 bxc5 26.Rb1 Nc6 27.Bxe5+ Rxe5 28.Rb5 Kd6 29.a3 Re7
30.g3 Ne5 31.Ra5 Nc6 32.Rb5 Ne5 33.Ra5 Nc6 34.Rb5

[Event "2. Bundesliga Mitte 2009/2010"]
[Site "St. Veit/Glan"]
[Date "2010.04.16"]
[Round "9"]
[Board "6"]
[White "Jakits, Leopold"]
[Black "Hafner, Robert"]
[Result "0-1"]
[WhiteElo "1982"]
[BlackElo "2110"]
[PlyCount "50"]
[EventDate "2009.10.10"]
[EventType "team"]
[EventRounds "11"]
[EventCountry "AUT"]
[WhiteTeam "SC Die Klagenfurter"]
[BlackTeam "Admira Villach"]

1.e4 c6 2.d4 d5 3.Nd2 dxe4 4.Nxe4 Bf5 5.Ng3 Bg6 6.Nf3 Nd7 7.h4 h6 8.h5 Bh7 9.Bd3
Bxd3 10.Qxd3 Ngf6 11.Bd2 e6 12.O-O-O Be7 13.Ne4 O-O 14.Kb1 Qc7 15.g4 Nxg4
16.Rdg1 f5 17.Qe2 fxe4 18.Rxg4 Rxf3 19.Rhg1 Bf8 20.Bxh6 Nf6 21.Rg6 Nxh5 22.Qxe4
Qf7 23.Bxg7 Nxg7 24.Rh6 Qf5 25.Qh4 Rxf2

[Event "2. Bundesliga Mitte 2009/2010"]
[Site "St. Veit/Glan"]
[Date "2010.04.16"]
[Round "9"]
[Board "1"]
[White "Skoberne, Jure"]
[Black "Horvath, Adam"]
[Result "0-1"]
[WhiteElo "2509"]
[BlackElo "2501"]
[PlyCount "48"]
[EventDate "2009.10.10"]
[EventType "team"]
[EventRounds "11"]
[EventCountry "AUT"]
[WhiteTeam "ESV Austria Graz"]
[BlackTeam "RbEJ Gleisdorf"]

1.c4 e5 2.Nc3 Nf6 3.Nf3 Nc6 4.g3 Nd4 5.Bg2 Nxf3+ 6.Bxf3 Bb4 7.Qb3 Bc5 8.d3 h6
9.Na4 Be7 10.O-O O-O 11.Rd1 c6 12.Nc3 d6 13.d4 Qc7 14.Qc2 Nh7 15.c5 exd4 16.cxd6
Bxd6 17.Rxd4 Be5 18.Rd1 Re8 19.Be3 Ng5 20.Bg2 Bg4 21.Qa4 Qc8 22.Rd2 Nh3+ 23.Bxh3
Bxh3 24.Bf4 b5

[Event "2. Bundesliga Mitte 2009/2010"]
[Site "St. Veit/Glan"]
[Date "2010.04.16"]
[Round "9"]
[Board "2"]
[White "Horvath, Tamas"]
[Black "Sakelsek, Tadej"]
[Result "0-1"]
[WhiteElo "2424"]
[BlackElo "2403"]
[PlyCount "52"]
[EventDate "2009.10.10"]
[EventType "team"]
[EventRounds "11"]
[EventCountry "AUT"]
[WhiteTeam "RbEJ Gleisdorf"]
[BlackTeam "ESV Austria Graz"]

1.e4 e5 2.Nf3 Nc6 3.Bb5 a6 4.Ba4 Nf6 5.O-O b5 6.Bb3 Bb7 7.c3 Nxe4 8.d4 exd4
9.Re1 d5 10.Ng5 Qd7 11.f3 h6 12.Nh3 O-O-O 13.fxe4 dxe4 14.cxd4 Nxd4 15.Nf2 Qc6
16.Be3 Nf3+ 17.gxf3 Rxd1 18.Bxd1 Qg6+ 19.Kh1 exf3 20.Rg1 Qe6 21.Bd4 Qc4 22.Ba7
Bd6 23.Nd2 Qh4 24.Nf1 c5 25.Ng3 Bxg3 26.Rxg3 Qd4

[Event "2. Bundesliga Mitte 2009/2010"]
[Site "St. Veit/Glan"]
[Date "2010.04.16"]
[Round "9"]
[Board "3"]
[White "Kotz, Heinz Peter"]
[Black "Meszaros, Tamas"]
[Result "1/2-1/2"]
[WhiteElo "2332"]
[BlackElo "2426"]
[PlyCount "78"]
[EventDate "2009.10.10"]
[EventType "team"]
[EventRounds "11"]
[EventCountry "AUT"]
[WhiteTeam "ESV Austria Graz"]
[BlackTeam "RbEJ Gleisdorf"]

1.e4 c5 2.Nf3 e6 3.d4 cxd4 4.Nxd4 Nf6 5.Nc3 d6 6.Bc4 a6 7.Bb3 Nbd7 8.Bg5 Nc5
9.Qf3 Be7 10.O-O-O Bd7 11.Rhe1 Qa5 12.h4 Rc8 13.Kb1 O-O 14.Qg3 b5 15.f4 Nxb3
16.axb3 b4 17.e5 Nh5 18.Qf3 Bxg5 19.hxg5 Nxf4 20.Qxf4 bxc3 21.exd6 cxb2 22.Kxb2
Rc5 23.Qd2 Rxg5 24.b4 Rb8 25.c3 Rd5 26.Qe2 Qb6 27.Nb3 Qxd6 28.Rxd5 Qxd5 29.Rd1
Qc6 30.Qe5 Rc8 31.Nc5 Qxg2+ 32.Ka3 Be8 33.Rd3 Qc2 34.Rg3 Qc1+ 35.Kb3 Qb1+ 36.Ka3
Qc1+ 37.Kb3 Qb1+ 38.Ka3 Qc1+ 39.Kb3 Qb1+

[Event "2. Bundesliga Mitte 2009/2010"]
[Site "St. Veit/Glan"]
[Date "2010.04.16"]
[Round "9"]
[Board "4"]
[White "Sandhu, Mario"]
[Black "Ebner, Hubert"]
[Result "1/2-1/2"]
[WhiteElo "2316"]
[BlackElo "2194"]
[PlyCount "61"]
[EventDate "2009.10.10"]
[EventType "team"]
[EventRounds "11"]
[EventCountry "AUT"]
[WhiteTeam "RbEJ Gleisdorf"]
[BlackTeam "ESV Austria Graz"]

1.e4 c5 2.Nf3 d6 3.d4 cxd4 4.Nxd4 Nf6 5.Nc3 g6 6.f3 Bg7 7.Be3 O-O 8.Qd2 Nc6 9.g4
Nxd4 10.Bxd4 Be6 11.h4 Qa5 12.h5 Rfc8 13.hxg6 hxg6 14.a3 Rab8 15.Bd3 a6 16.b4
Qc7 17.Nd5 Bxd5 18.exd5 b5 19.Rd1 Qb7 20.Be4 Rc4 21.Qh2 Rbc8 22.c3 Qc7 23.Rd3
Rxd4 24.cxd4 Qc1+ 25.Kf2 Rc2+ 26.Kg3 Nh5+ 27.Qxh5 gxh5 28.Rxc1 h4+ 29.Kxh4 Rxc1
30.Bf5 Rc4 31.Kg3

[Event "2. Bundesliga Mitte 2009/2010"]
[Site "St. Veit/Glan"]
[Date "2010.04.16"]
[Round "9"]
[Board "5"]
[White "Fahrner, Kurt"]
[Black "Wanderer, Thomas"]
[Result "1-0"]
[WhiteElo "2300"]
[BlackElo "2220"]
[PlyCount "115"]
[EventDate "2009.10.10"]
[EventType "team"]
[EventRounds "11"]
[EventCountry "AUT"]
[WhiteTeam "ESV Austria Graz"]
[BlackTeam "RbEJ Gleisdorf"]

1.g3 c5 2.Bg2 Nf6 3.d3 Nc6 4.e4 d5 5.Nc3 Bg4 6.f3 Bc8 7.Nh3 dxe4 8.dxe4 Qxd1+
9.Kxd1 e5 10.Nb5 Rb8 11.c3 a6 12.Nc7+ Kd8 13.Nd5 Nxd5 14.exd5 Bxh3 15.Bxh3 Na5
16.f4 Bd6 17.fxe5 Bxe5 18.Be3 Bd6 19.b3 b5 20.Kd2 Re8 21.Rae1 Re5 22.Bg2 Kc7
23.Bxc5 Rxe1 24.Bxd6+ Kxd6 25.Rxe1 Rc8 26.Kd3 Nb7 27.Kd4 Nc5 28.Bf1 Rb8 29.Re3
b4 30.cxb4 Rxb4+ 31.Bc4 Rb8 32.Rf3 f6 33.Rc3 Re8 34.Bd3 Nxd3 35.Rc6+ Kd7 36.Kxd3
Re5 37.Kd4 Re2 38.Rxa6 Rd2+ 39.Kc4 Rc2+ 40.Kd4 Rd2+ 41.Kc5 Rc2+ 42.Kb4 Rxh2
43.a4 f5 44.Ra7+ Kd6 45.Rxg7 Kxd5 46.Kb5 h5 47.a5 Rg2 48.a6 Ke4 49.Rg5 Ra2
50.Rxh5 Ra3 51.b4 Rxg3 52.a7 Rg8 53.Ka6 f4 54.b5 f3 55.b6 f2 56.Rh1 Ke3 57.Rf1
Rg1 58.Rxf2

[Event "2. Bundesliga Mitte 2009/2010"]
[Site "St. Veit/Glan"]
[Date "2010.04.16"]
[Round "9"]
[Board "6"]
[White "Sandner, Wolfgang"]
[Black "Aschenbrenner, Robert"]
[Result "1-0"]
[WhiteElo "2224"]
[BlackElo "2262"]
[PlyCount "55"]
[EventDate "2009.10.10"]
[EventType "team"]
[EventRounds "11"]
[EventCountry "AUT"]
[WhiteTeam "RbEJ Gleisdorf"]
[BlackTeam "ESV Austria Graz"]

1.e4 c6 2.d3 d5 3.Nd2 e5 4.Ngf3 Bd6 5.Be2 Nf6 6.d4 Nxe4 7.dxe5 Nxd2 8.Qxd2 Bc7
9.O-O Bg4 10.Qb4 Qc8 11.Bg5 Bd8 12.Bxd8 Kxd8 13.Rfe1 Bxf3 14.Bxf3 Na6 15.Qf4 Qe6
16.Bg4 Qe7 17.e6 f6 18.Rad1 Ke8 19.c4 Nc7 20.Bf3 Rd8 21.cxd5 cxd5 22.Qa4+ b5
23.Qxa7 Nxe6 24.Rxe6 Qxe6 25.Qxg7 Qe7 26.Qxh8+ Kd7 27.Rxd5+ Kc6 28.Rxd8+

[Event "2. Bundesliga Mitte 2009/2010"]
[Site "St. Veit/Glan"]
[Date "2010.04.17"]
[Round "10"]
[Board "1"]
[White "Taggatz, Mario"]
[Black "Horvath, Adam"]
[Result "1-0"]
[WhiteElo "2330"]
[BlackElo "2501"]
[PlyCount "47"]
[EventDate "2009.10.10"]
[EventType "team"]
[EventRounds "11"]
[EventCountry "AUT"]
[WhiteTeam "Spg. Sauwald"]
[BlackTeam "RbEJ Gleisdorf"]

1.c4 Nf6 2.g3 e6 3.Bg2 d5 4.Nf3 dxc4 5.Na3 c5 6.Nxc4 Nc6 7.O-O Be7 8.b3 O-O
9.Bb2 Bd7 10.d4 b5 11.Nce5 Rc8 12.dxc5 Bxc5 13.Rc1 Nb4 14.a3 Nbd5 15.Nxd7 Nxd7
16.Qd3 a6 17.h4 Be7 18.Rxc8 Qxc8 19.Rc1 Qd8 20.Nd4 Nc5 21.Qd1 Qb6 22.Bxd5 exd5
23.Nf5 Qe6 24.Qxd5

[Event "2. Bundesliga Mitte 2009/2010"]
[Site "St. Veit/Glan"]
[Date "2010.04.17"]
[Round "10"]
[Board "2"]
[White "Horvath, Tamas"]
[Black "Schmidt, Peter"]
[Result "1/2-1/2"]
[WhiteElo "2424"]
[BlackElo "2394"]
[PlyCount "62"]
[EventDate "2009.10.10"]
[EventType "team"]
[EventRounds "11"]
[EventCountry "AUT"]
[WhiteTeam "RbEJ Gleisdorf"]
[BlackTeam "Spg. Sauwald"]

1.e4 g6 2.d4 Bg7 3.Nc3 d6 4.Bg5 a6 5.Qd2 b5 6.Nf3 Bb7 7.Bd3 h6 8.Be3 Nd7 9.a4 b4
10.Ne2 a5 11.Ng3 e6 12.h3 Ne7 13.O-O Nf6 14.Nh2 h5 15.f3 O-O 16.Bh6 c5 17.Bxg7
Kxg7 18.c3 cxd4 19.cxb4 Nc6 20.bxa5 Qxa5 21.Qxa5 Rxa5 22.Bb5 Nb4 23.Rfc1 Rfa8
24.Ra3 Ba6 25.Rc4 Bxb5 26.axb5 Rxa3 27.bxa3 Na2 28.Rxd4 Rxa3 29.Rxd6 Nc3 30.Rd2
h4 31.Ngf1 Nxb5

[Event "2. Bundesliga Mitte 2009/2010"]
[Site "St. Veit/Glan"]
[Date "2010.04.17"]
[Round "10"]
[Board "3"]
[White "Testor, Sebastian"]
[Black "Meszaros, Tamas"]
[Result "0-1"]
[WhiteElo "2319"]
[BlackElo "2426"]
[PlyCount "68"]
[EventDate "2009.10.10"]
[EventType "team"]
[EventRounds "11"]
[EventCountry "AUT"]
[WhiteTeam "Spg. Sauwald"]
[BlackTeam "RbEJ Gleisdorf"]

1.d4 Nf6 2.c4 e6 3.Nf3 Bb4+ 4.Nbd2 b6 5.g3 Ba6 6.Qc2 Bb7 7.Bg2 Be4 8.Qb3 c5
9.dxc5 bxc5 10.O-O Bc6 11.Qe3 Na6 12.a3 Bxd2 13.Bxd2 Qe7 14.Bc3 O-O 15.Rfd1 Rab8
16.Qg5 h6 17.Qh4 Rfd8 18.e4 Kf8 19.Ng5 e5 20.f4 d6 21.Rxd6 Qxd6 22.fxe5 Qd3
23.Nxf7 Qe3+ 24.Kh1 Nxe4 25.h3 Kxf7 26.e6+ Kg8 27.e7 Re8 28.Re1 Nxg3+ 29.Kh2 Qf2
30.Qxg3 Qxg3+ 31.Kxg3 Bxg2 32.Kxg2 Rb7 33.Re6 Nb8 34.Be5 Kf7